Fr. Conceicao Rodrigues College of Engineering

Computer Programming 1 (Record no. 29951)

MARC details
000 -LEADER
fixed length control field 00269nam a2200133Ia 4500
082 ## - DEWEY DECIMAL CLASSIFICATION NUMBER
Classification number 5.1
Item number PHA
100 ## - MAIN ENTRY--PERSONAL NAME
Personal name Phadke/Sneha
245 ## - TITLE STATEMENT
Title Computer Programming 1
260 ## - PUBLICATION, DISTRIBUTION, ETC.
Name of publisher, distributor, etc. Technova
Date of publication, distribution, etc. 1998
546 ## - LANGUAGE NOTE
Language note ENGLISH
654 ## - SUBJECT ADDED ENTRY--FACETED TOPICAL TERMS
Focus term Programming
942 ## - ADDED ENTRY ELEMENTS (KOHA)
Koha item type BOOK
Holdings
Withdrawn status Lost status Damaged status Not for loan Collection Home library Current library Date acquired Total Checkouts Full call number Barcode Date last seen Price effective from Koha item type
        CRC Fr. Agnel's C.Rodrigues College of Engineering Fr. Agnel's C.Rodrigues College of Engineering 17/03/2023   5.1 PHA 8590 17/03/2023 17/03/2023 BOOK